Moudrost světa Svazek VII Štěstí

Bibliographic Details
Format: Book
Language:Czech
PhysicalDescription:170 s. ilustr. 8 cm
Published: Bratislava Nestor 2002
ISBN:8089000452
Edition:[1. vyd.]
Series:Medailon
Subjects:

MARC

LEADER 00000cam a2200000 a 4500
001 vtls001473126
003 SK-MaSNL
005 20260301044748.0
008 240226s2002 xo a 000 1 cze
015 |a SNBA2004/05-03066 
020 |a 8089000452 
035 |a SNK000428428 
035 |a urn:nbn:sk:snk-am3hpol 
035 |a A8D30F62-0675-4837-B6E4-0DC4F6874061 
035 |a urn:nbn:sk:snk-am00cty8 
040 |a SNK  |b slo  |c SNK  |e AACR2 
041 0 |a cze 
044 |a xo  |c SK 
072 7 |a 17  |x Etika. Morálna filozofia  |2 konspekt 
080 |a 821 (100)-84=162.3  |2 2. slo 
080 |a 17.02  |2 1981 
080 |a (0:82-84)  |2 1981 
245 0 0 |a Moudrost světa  |n Svazek VII  |p Štěstí 
246 3 0 |a Štěstí 
250 |a [1. vyd.] 
260 |a Bratislava  |b Nestor  |c 2002 
300 |a 170 s.  |b ilustr.  |c 8 cm 
490 1 |a Medailon 
500 |a Ilustr. na front. 
650 0 7 |a citáty  |2 SNKPH  |9 75180 
650 0 7 |a životná múdrosť  |2 SNKPH  |9 4008 
655 7 |a aforizmy  |2 SNKPH  |9 1250 
655 7 |a citáty  |2 SNKPH  |9 70419 
830 0 |a Medailon  |9 301128 
919 |a 80-89000-45-2 
958 |a LX 
968 |a Cze  |b LANGUES DIVERSES  |d 821 
999 |c 596705  |d 598635 
952 |t P60, <03>, [BOOK], {603}  |a SNK  |b SNK  |y PREZ  |7 0  |p 17A0426181  |o snkSE 10338/7  |i snkKSP 5524/2004  |0 0  |1 0  |4 0  |d 2004-04-15  |f 1  |l 0  |r 2005-01-02 00:00:00  |w 2026-02-23 
952 |t P60, <04>, [BOOK], {604}  |a SNK  |b SNK  |y VYP  |7 0  |p 17A0426180  |o snkSE 10338/7 D1  |i snkKSP 5525/2004  |0 0  |1 0  |4 0  |d 2004-04-15  |l 0  |r 2005-01-02 00:00:00  |w 2026-02-23